000 00332nam a2200133Ia 4500
008 191201s2016 xx 000 0 und d
100 _aCHATURVEDI, Aditya
245 0 _aFundamentals of Digital Electronics
250 _a-
260 _c2016
_bKhanna Publisher
_aNew Delhi
300 _a350
650 _aIT 4TH SEM
942 _2ddc
_cBB
999 _c7741
_d7741